Statistics for 中史初階小測驗(四)

Click here to take the quiz!

General Stats

  • This quiz has been taken 40 times
  • The average score is 8 of 10

Answer Stats

QuestionAnswer% Correct
誰是中國史上唯一的女皇帝?武則天
100%
李世民在玄武門之變中殺害了誰?他的兄弟
97%
隋朝動用了數百萬的勞役,建造了什麼大規模建設?大運河
91%
誰在他兒子和女兒的幫助下建立了唐朝?李淵
91%
誰是唐玄宗的愛妃?楊玉環
91%
五代十國中,後晉割讓了哪裏給契丹?燕雲十六州
91%
誰擊敗了東突厥後被封爲天可汗?李世民
88%
有人認為唐朝的哪一場衝突是人類歷史上最致命的衝突之一?安史之亂
88%
唐朝在玄宗哪個年代到達了盛世?開元
84%
怛羅斯之戰後什麼技術流傳到中東?造紙術
19%

Score Distribution

Percentile by Number Answered

Percent of People with Each Score

Your Score History

You have not taken this quiz